Strategic management : (Record no. 996)

MARC details
000 -LEADER
fixed length control field 01087pam a2200217 a 4500
020 ## - INTERNATIONAL STANDARD BOOK NUMBER
ISBN 0256162050
050 00 - CALL NUMBER
Classification number HD30.28
Item number .T53
100 1# - AUTHOR
Personal name Thompson, Arthur A.,
245 10 - TITLE
Title Strategic management :
Remainder of title concepts & cases /
Statement of responsibility, etc Arthur A. Thompson, Jr., A.J. Strickland III.
250 ## - EDITION
Edition statement 9th ed.
260 ## - PUBLICATION INFORMATION
Place of publication Chicago :
Name of publisher Irwin,
Year of publication c1996.
300 ## - DESCRIPTION
Number of Pages xx, 1035 p. :
Other physical details ill. ;
Dimensions 26 cm.
500 ## - NOTES
General note includes index.
505 ## - FORMATTED CONTENTS NOTE
Table of Content Chapter 1. The strategic management process<br/>Chapter 2. The three strategy-making<br/>Chapter 3. Industry and competitve analysis<br/>Chapter 4. Company situation analysis<br/>Chapter 5. Strategy and competitive advantage<br/>Chapter 6. Matching strategy<br/>Chapter 7. Corporate diversification strategy<br/>Chapter 8. Strategic analysis of diversified companies<br/>Chapter 9. Implementing strategy<br/>Chapter 10. Implementing strategy<br/>Chapter 11. Implementing strategy
650 #0 - SUBJECTS
Topical Term Strategic planning.
650 #0 - SUBJECTS
Topical Term Strategic planning
General subdivision Case studies.
650 #0 - SUBJECTS
Topical Term Strategic planning.
650 #0 - SUBJECTS
Topical Term Strategic planning
General subdivision Case studies.
700 1# - OTHER AUTHORS
Personal name Strickland, A. J.
942 ## - ADDED ENTRY ELEMENTS (KOHA)
Koha item type Books
Holdings
Withdrawn status Lost status Home library Current library Date acquired Full call number Accession Number Koha item type Shelving location
    Methodist University Library Main Methodist University Library Main 17/07/2004 HD30.28 .T53 10075 Books General Stacks
    Methodist University Library Tema Methodist University Library Tema 07/07/2004 HD30.28 .T53 22725 Books General Stacks
    Methodist University Library Tema Methodist University Library Tema 07/07/2004 HD30.28 .T53 22724 Books General Stacks
    Methodist University Library Tema Methodist University Library Tema 07/07/2004 HD30.28 .T53 22726 Books General Stacks
    Methodist University Library Wenchi Faculty Methodist University Library Wenchi Faculty 17/11/2017 HD30.28 .T53 10070 Books  
    Methodist University Library Wenchi Faculty Methodist University Library Wenchi Faculty 17/11/2017 HD30.28 .T53 5100 Books  
    Methodist University Library Wenchi Faculty Methodist University Library Wenchi Faculty 19/10/2021 HD30.28 .T53 10074 Books  
    Methodist University Library Wenchi Faculty Methodist University Library Wenchi Faculty 19/10/2021 HD30.28 .T53 27860 Books  
    Methodist University Library Wenchi Faculty Methodist University Library Wenchi Faculty 19/10/2021 HD30.28 .T53 10078 Books  
Copyright © 2026  MUG Library